000 02189nam a2200385 a 4500
001 ebr10225452
003 CaPaEBR
006 m u
007 cr cn|||||||||
008 071212s2008 njua sb 001 0 eng
010 _z 2007050862
020 _z9780470120552 (cloth)
020 _z047012055X (cloth)
040 _aCaPaEBR
_cCaPaEBR
035 _a(OCoLC)608622384
043 _an-us---
050 1 4 _aHG4930
_b.G465 2008eb
082 0 4 _a332.63/27068
_222
100 1 _aGerber, Melinda.
245 1 0 _aHow to create and manage a mutual fund or exchange-traded fund
_h[electronic resource] :
_ba professional's guide /
_cMelinda Gerber.
260 _aHoboken, N.J. :
_bJohn Wiley & Sons,
_cc2008.
300 _axv, 351 p. :
_bill.
490 1 _a[Wiley finance]
500 _aSeries from jacket.
504 _aIncludes bibliographical references (p. 341-342) and index.
505 0 _aCreate and manage a mutual fund -- Why the world needs another mutual fund -- Money, product differentiation, and distribution -- Price and customer service -- Spreading the word with promotion and publicity -- Building your mutual fund team -- The steps to start a mutual fund -- Create and manage an exchange-traded fund -- ETFs : the mutual fund's next evolution -- Building your exchange-traded fund team -- The steps to start an exchange-traded fund --- Appendix A: what to expect in your first year -- Appendix B: selling your business -- Appendix C: useful web sites, phone numbers, and additional readings -- Appendix D: list of service provider questions -- Afterword -- Notes -- Index.
533 _aElectronic reproduction.
_bPalo Alto, Calif. :
_cebrary,
_d2013.
_nAvailable via World Wide Web.
_nAccess may be limited to ebrary affiliated libraries.
650 0 _aMutual funds
_zUnited States
_xManagement.
650 0 _aExchange traded funds
_zUnited States
_xManagement.
650 0 _aPortfolio management
_zUnited States.
655 7 _aElectronic books.
_2local
710 2 _aebrary, Inc.
830 0 _aWiley finance series.
856 4 0 _uhttp://site.ebrary.com/lib/rucke/Doc?id=10225452
_zAn electronic book accessible through the World Wide Web; click to view
999 _c40778
_d40778